Billboard Hot 100 #1 Hits of 2006 - Statistics

General Stats
  • This quiz has been taken 8 times
  • The average score is 16 of 52
Answer Stats
Issue Date #1 Hit Artist % Correct
April 1 Bad Day Daniel Powter
80%
April 8 Bad Day Daniel Powter
80%
April 15 Bad Day Daniel Powter
80%
April 22 Bad Day Daniel Powter
80%
April 29 Bad Day Daniel Powter
80%
May 6 Bad Day Daniel Powter
80%
March 11 You're Beautiful James Blunt
60%
June 17 Hips Don't Lie Shakira ft. Wyclef Jean
40%
June 24 Hips Don't Lie Shakira ft. Wyclef Jean
40%
December 16 Irreplaceable Beyoncé
40%
December 23 Irreplaceable Beyoncé
40%
December 30 Irreplaceable Beyoncé
40%
July 8 Promiscuous Nelly Furtado ft. Timbaland
40%
July 15 Promiscuous Nelly Furtado ft. Timbaland
40%
July 22 Promiscuous Nelly Furtado ft. Timbaland
40%
July 29 Promiscuous Nelly Furtado ft. Timbaland
40%
August 5 Promiscuous Nelly Furtado ft. Timbaland
40%
August 12 Promiscuous Nelly Furtado ft. Timbaland
40%
June 3 Ridin' Chamillionaire ft. Krayzie Bone
40%
June 10 Ridin' Chamillionaire ft. Krayzie Bone
40%
September 9 SexyBack Justin Timberlake
40%
September 16 SexyBack Justin Timberlake
40%
September 23 SexyBack Justin Timberlake
40%
September 30 SexyBack Justin Timberlake
40%
October 7 SexyBack Justin Timberlake
40%
October 14 SexyBack Justin Timberlake
40%
October 21 SexyBack Justin Timberlake
40%
May 13 SOS Rihanna
40%
May 20 SOS Rihanna
40%
May 27 SOS Rihanna
40%
March 25 Temperature Sean Paul
40%
January 14 Laffy Taffy D4L
20%
August 19 London Bridge Fergie
20%
August 26 London Bridge Fergie
20%
September 2 London Bridge Fergie
20%
March 18 So Sick Ne-Yo
20%
February 4 Check on It Beyoncé ft. Slim Thug
0%
February 11 Check on It Beyoncé ft. Slim Thug
0%
February 18 Check on It Beyoncé ft. Slim Thug
0%
February 25 Check on It Beyoncé ft. Slim Thug
0%
March 4 Check on It Beyoncé ft. Slim Thug
0%
July 1 Do I Make You Proud Taylor Hicks
0%
January 7 Don't Forget About Us Mariah Carey
0%
January 21 Grillz Nelly ft. Paul Wall and Ali & Gipp
0%
January 28 Grillz Nelly ft. Paul Wall and Ali & Gipp
0%
December 2 I Wanna Love You Akon ft. Snoop Dogg
0%
December 9 I Wanna Love You Akon ft. Snoop Dogg
0%
October 28 Money Maker Ludacris ft. Pharrell
0%
November 4 Money Maker Ludacris ft. Pharrell
0%
November 11 My Love Justin Timberlake ft. T.I.
0%
November 18 My Love Justin Timberlake ft. T.I.
0%
November 25 My Love Justin Timberlake ft. T.I.
0%
No matching quizzes found
Score Distribution
Percent of People with Each Score
Percentile by Number Answered
Your Score History
You have not taken this quiz